<?xml version="1.0" encoding="UTF-8"?>
<marc:record xmlns:marc="http://www.loc.gov/MARC21/slim">
   <marc:leader>00000nam a2200000 a 4500</marc:leader>
   <marc:datafield ind1="1" ind2=" " tag="100">
      <marc:subfield code="a">Boff, Clodovis</marc:subfield>
      <marc:subfield code="4">aut</marc:subfield>
      <marc:subfield code="e">Verfasser/-in</marc:subfield>
   </marc:datafield>
   <marc:datafield ind1=" " ind2=" " tag="653">
      <marc:subfield code="a">Befreiungstheologie</marc:subfield>
   </marc:datafield>
   <marc:datafield ind1=" " ind2=" " tag="653">
      <marc:subfield code="a">Fundamentaltheologie</marc:subfield>
   </marc:datafield>
   <marc:datafield ind1=" " ind2=" " tag="653">
      <marc:subfield code="a">Erkenntnistheorie</marc:subfield>
   </marc:datafield>
   <marc:datafield ind1="0" ind2="0" tag="245">
      <marc:subfield code="a">Theologie und Praxis</marc:subfield>
   </marc:datafield>
   <marc:datafield ind1="0" ind2="0" tag="245">
      <marc:subfield code="b">d. erkenntnistheoret. Grundlagen d. Theologie d. Befreiung</marc:subfield>
   </marc:datafield>
   <marc:datafield ind1=" " ind2="1" tag="264">
      <marc:subfield code="b">Kaiser</marc:subfield>
      <marc:subfield code="c">1983</marc:subfield>
   </marc:datafield>
   <marc:datafield ind1="1" ind2=" " tag="490">
      <marc:subfield code="a">Gesellschaft und Theologie : Fundamentaltheologische Studien</marc:subfield>
   </marc:datafield>
   <marc:datafield ind1="1" ind2=" " tag="520">
      <marc:subfield code="a">Immer wieder wird der lateinamerikanischen Theologie der Befreiung vorgeworfen, sie sei "enthusiatisch" "unwissenschaftlich", geboren eher aus einer sozialen Option als aus einer gläubigen Reflexion. Befreiungstheologen selbst betonen, sie hätten nicht nur eine neue Theologie vorzutragen, sondern eine " neue Art, Thologie zu treiben". Mit diesem Buch unternimmt es einer ihrer kreativsten Vertreter, ihre methodischen Grundlagen zu untersuchen. Mit seiner "Erkenntnistheorie der Theologie der Befreiung" zeigt Clodovis Boff, welches Denken hinter der Leidenschaft ihres Einsatzes. (Klappentext)</marc:subfield>
   </marc:datafield>
   <marc:datafield ind1="3" ind2=" " tag="024">
      <marc:subfield code="a">9783459015054</marc:subfield>
   </marc:datafield>
</marc:record>
